header

Professional practice for podiatric medicine (Record no. 44474)

MARC details
000 -LEADER
fixed length control field 01105nam a2200289Ia 4500
245 00 - TITLE STATEMENT
Title Professional practice for podiatric medicine
260 ## - PUBLICATION, DISTRIBUTION, ETC. (IMPRINT)
Place of publication Keswick, Cumbria :
Name of publisher M & K Pub.,
Year of publication 2013.
300 ## - PHYSICAL DESCRIPTION
Number of Pages 114 p.
650 #0 - SUBJECT ADDED ENTRY--TOPICAL TERM
Topical Term Podiatry.
Topical Term Mentoring in medicine.
700 1# - ADDED ENTRY--PERSONAL NAME
Personal name Hayes, Catherine.
856 40 - ELECTRONIC LOCATION AND ACCESS
Uniform Resource Identifier http://site.ebrary.com/lib/rucke/Doc?id=10643393

No items available.

© 2026 Rongo University
Contact us: librarian | system librarian | Rongo university